000 00679nam a2200229Ia 4500
003 OSt
005 20220923213931.0
006 a|||||r|||| 00| 0
007 ta
008 220922b |||||||| |||| 00| 0 hin d
024 _a165,656
037 _cTextual
040 _aARTS
_cARTS
_bhin
041 _2hin
_ahin
082 _aO152:1J32:1, G3
100 _aमिश्र, विश्वनाथ प्रसाद
245 0 _aगीतावली-गुंजन
246 _aGītāvalī-guanjana
260 _c1933
942 _hO152:1J32:1, G3
_cTEXL
_2CC
999 _c320135
_d320135